• AIU
  • Tony Wilmot Memorial Library
Normal view MARC view

Entry Geographic Name

Number of records used in: 1

001 - CONTROL NUMBER

  • control field: 24067

003 - CONTROL NUMBER IDENTIFIER

  • control field: OSt

005 - DATE AND TIME OF LATEST TRANSACTION

  • control field: 20140121100211.0

008 - FIXED-LENGTH DATA ELEMENTS

  • fixed length control field: 140121|| aca||aabn | a|a d

040 ## - CATALOGING SOURCE

  • Original cataloging agency: OSt
  • Transcribing agency: OSt

151 ## - HEADING--GEOGRAPHIC NAME

  • Geographic name: Japan
  • General subdivision: Civilization.

670 ## - SOURCE DATA FOUND

  • Source citation: Work cat.: (OSt)0: Leonard, Jonathan Norton, 1903-1975. 24001, Early Japan,, [1968]